<?xml version="1.0" encoding="UTF-8"?>
<record
    xmlns:xsi="http://www.w3.org/2001/XMLSchema-instance"
    xsi:schemaLocation="http://www.loc.gov/MARC21/slim http://www.loc.gov/standards/marcxml/schema/MARC21slim.xsd"
    xmlns="http://www.loc.gov/MARC21/slim">

  <leader>01127na  a2200337   4500</leader>
  <controlfield tag="001">18050</controlfield>
  <controlfield tag="003">MIRAKIL</controlfield>
  <controlfield tag="005">20181213155304.0</controlfield>
  <controlfield tag="008">161110b        tu            000 0      </controlfield>
  <datafield tag="020" ind1=" " ind2=" ">
    <subfield code="a">9786053994046</subfield>
  </datafield>
  <datafield tag="035" ind1=" " ind2=" ">
    <subfield code="a">18050</subfield>
  </datafield>
  <datafield tag="040" ind1=" " ind2=" ">
    <subfield code="a">Milas</subfield>
    <subfield code="b">tur</subfield>
    <subfield code="c">TR-AnCHP</subfield>
  </datafield>
  <datafield tag="041" ind1=" " ind2=" ">
    <subfield code="a">tur</subfield>
  </datafield>
  <datafield tag="082" ind1=" " ind2=" ">
    <subfield code="a">956.9304</subfield>
    <subfield code="b">K49b 2016</subfield>
  </datafield>
  <datafield tag="090" ind1=" " ind2=" ">
    <subfield code="a">956.9304 K49b 2016</subfield>
  </datafield>
  <datafield tag="100" ind1=" " ind2=" ">
    <subfield code="a">K&#x131;z&#x131;ly&#xFC;rek, Niyazi</subfield>
  </datafield>
  <datafield tag="245" ind1=" " ind2=" ">
    <subfield code="a">Bir h&#x131;n&#xE7; ve &#x15F;iddet tarihi</subfield>
    <subfield code="b">K&#x131;br&#x131;s'ta stat&#xFC; kavgas&#x131; ve etnik &#xE7;at&#x131;&#x15F;ma</subfield>
    <subfield code="c">Niyazi K&#x131;z&#x131;ly&#xFC;rek</subfield>
  </datafield>
  <datafield tag="246" ind1=" " ind2=" ">
    <subfield code="a">K&#x131;br&#x131;s'ta stat&#xFC; kavgas&#x131; ve etnik &#xE7;at&#x131;&#x15F;ma</subfield>
  </datafield>
  <datafield tag="260" ind1=" " ind2=" ">
    <subfield code="a">&#x130;stanbul</subfield>
    <subfield code="b">&#x130;stanbul Bilgi &#xDC;niversitesi Yay&#x131;nlar&#x131;</subfield>
    <subfield code="c">2016</subfield>
  </datafield>
  <datafield tag="300" ind1=" " ind2=" ">
    <subfield code="a">xii, 665, [2] s.</subfield>
    <subfield code="b">157 res., 1kt. hrt.</subfield>
    <subfield code="c">24 sm.</subfield>
  </datafield>
  <datafield tag="440" ind1=" " ind2=" ">
    <subfield code="a">&#x130;stanbul Bilgi &#xDC;niversitesi yay&#x131;nlar&#x131;</subfield>
    <subfield code="v">558</subfield>
  </datafield>
  <datafield tag="490" ind1=" " ind2=" ">
    <subfield code="a">Tarih dizisi</subfield>
    <subfield code="v">63</subfield>
  </datafield>
  <datafield tag="504" ind1=" " ind2=" ">
    <subfield code="a">Kaynak&#xE7;a ve dizin var.</subfield>
  </datafield>
  <datafield tag="650" ind1=" " ind2=" ">
    <subfield code="a">&#x15E;iddet</subfield>
    <subfield code="x">Tarih</subfield>
    <subfield code="z">K&#x131;br&#x131;s</subfield>
  </datafield>
  <datafield tag="650" ind1=" " ind2=" ">
    <subfield code="a">Etnik &#xE7;at&#x131;&#x15F;malar</subfield>
    <subfield code="z">K&#x131;br&#x131;s</subfield>
  </datafield>
  <datafield tag="650" ind1=" " ind2=" ">
    <subfield code="a">Etnik gruplar</subfield>
    <subfield code="z">K&#x131;br&#x131;s</subfield>
  </datafield>
  <datafield tag="650" ind1=" " ind2=" ">
    <subfield code="a">Etnik kimlik</subfield>
    <subfield code="x">Tarih</subfield>
    <subfield code="z">K&#x131;br&#x131;s</subfield>
  </datafield>
  <datafield tag="651" ind1=" " ind2=" ">
    <subfield code="a">K&#x131;br&#x131;s</subfield>
    <subfield code="x">Siyasal tarih</subfield>
  </datafield>
  <datafield tag="651" ind1=" " ind2=" ">
    <subfield code="a">K&#x131;br&#x131;s</subfield>
    <subfield code="x">Etnik ili&#x15F;kiler</subfield>
  </datafield>
  <datafield tag="942" ind1=" " ind2=" ">
    <subfield code="2">dcc</subfield>
    <subfield code="c">BKS</subfield>
  </datafield>
  <datafield tag="952" ind1=" " ind2=" ">
    <subfield code="a">0001</subfield>
    <subfield code="b">0001</subfield>
    <subfield code="d">2016-11-10</subfield>
    <subfield code="e">2</subfield>
    <subfield code="l">0</subfield>
    <subfield code="o">956.9304 K49b 2016</subfield>
    <subfield code="p">009314</subfield>
    <subfield code="r">2016-11-10 00:00:00</subfield>
    <subfield code="v">0.00</subfield>
    <subfield code="w">2016-11-10</subfield>
    <subfield code="y">BKS</subfield>
  </datafield>
  <datafield tag="999" ind1=" " ind2=" ">
    <subfield code="c">10020</subfield>
    <subfield code="d">10020</subfield>
  </datafield>
</record>
